000 00628nam a2200205Ia 4500
003 GCL
008 140319s9999 xx 000 0 ara d
040 _aGCL /
_cGCL
082 0 4 _aم
_b340.03
_bم ق
100 1 _aممدوح حقى
245 1 0 _aقاموس المصطلحات الحقوقية والتجارية فرنسى - عربى /
_cممدوح حقى
260 _a[S.N] :
_bمكتبة لبنان ،
_c1972
300 _a320
490 _aالاعمال الروائية
_v0
650 0 4 _aالقانون
650 0 4 _aالتجارة
650 0 4 _aالمعاجم
650 0 4 _aالمصطلحات
942 _2ddc
_cREF
999 _c59538
_d59538